000 01258nam a22002057a 4500
999 _c61555
_d61555
003 Ge_BSU
005 20240325112007.0
008 240325s2023 ge ||||| |||| 00| 0 geo d
020 _a24492507.
041 _ageo
080 _a378(063) ს-32
245 _aსაქართველოს მეცნიერებათა ეროვნული აკადემიის აჭარის ავტონომიური რესპუბლიკის რეგიონული სამეცნიერო ცენტრი :
_b შრომები :IX: Transactions /
_c მთ.რედ. ვანო პაპუმიძე
264 _aბათუმი,
_c2023.
300 _a185 გვ.:
_b 29 სმ.
653 _aსაქართველოს მეცნიერებათა ეროვნული აკადემიის აჭარის ავტონომიური რესპუბლიკის რეგიონული სამეცნიერო ცენტრი
653 _aშრომები IX
700 _aპაპუნიძე, ვანო
_eმთავარი რედაქტორი
_921561
773 _tნაჩუქარი
942 _2udc
_cSHR